<?xml version="1.0" encoding="UTF-8"?>
<collection xmlns="http://www.loc.gov/MARC21/slim">
    <record>
        <controlfield tag="001">56647</controlfield>
        <controlfield tag="005">20210121114543.0</controlfield>
        <datafield tag="024" ind1="8" ind2=" ">
            <subfield code="2">sideral</subfield>
            <subfield code="a">92667</subfield>
        </datafield>
        <datafield tag="037" ind1=" " ind2=" ">
            <subfield code="a">ART-2015-92667</subfield>
        </datafield>
        <datafield tag="041" ind1=" " ind2=" ">
            <subfield code="a">spa</subfield>
        </datafield>
        <datafield tag="100" ind1=" " ind2=" ">
            <subfield code="0">(orcid)0000-0002-9273-5885</subfield>
            <subfield code="a">Rubio Aranda, E.</subfield>
            <subfield code="u">Universidad de Zaragoza</subfield>
        </datafield>
        <datafield tag="245" ind1=" " ind2=" ">
            <subfield code="a">Cuidados familiares prestados por los ancianos del ámbito rural a distintas generaciones</subfield>
        </datafield>
        <datafield tag="260" ind1=" " ind2=" ">
            <subfield code="c">2015</subfield>
        </datafield>
        <datafield tag="506" ind1="0" ind2=" ">
            <subfield code="a">Access copy available to the general public</subfield>
            <subfield code="f">Unrestricted</subfield>
        </datafield>
        <datafield tag="520" ind1="3" ind2=" ">
            <subfield code="a">Objectives: To describe the profile of caregivers higher in rural areas, to analyze sociodemographic differences in health and social relations between family caregivers and non-caregivers, and service needs unmet. Methodology: We surveyed 787 people over 64 noninstitutionalized belonging to the Basic Health Area of Zaragoza. Variables were collected through the questionnaire OARS-MAFQ (OARS): sociodemographic, need for services, assessment of social, economic and physical health. Other variables were: functional capacity for activities of daily living, basic and instrumental, body mass index and physical activity undertaken. Results: All caregivers of children/grandchildren were independent for activities of daily living, performed more physically active, had good physical and so perceived. Noncaregivers had the highest proportion of dependence and depression. The three groups had good social and economic resources, although significantly higher in those who care for children/grandchildren in which needs were perceived as more public transport and travel more. Non-caregivers reported more need for help with bathing, dressing, household chores and meal preparation. Caregivers of spouses/parents needed more treatment to personal or family problems. There was a great need for nursing care in the three groups. Conclusions: The profile, characteristics and needs of caregiver and no-caregiver were different, coinciding only in high need for nursing care.</subfield>
        </datafield>
        <datafield tag="540" ind1=" " ind2=" ">
            <subfield code="9">info:eu-repo/semantics/openAccess</subfield>
            <subfield code="a">by-nc</subfield>
            <subfield code="u">http://creativecommons.org/licenses/by-nc/3.0/es/</subfield>
        </datafield>
        <datafield tag="592" ind1=" " ind2=" ">
            <subfield code="a">0.21</subfield>
            <subfield code="b">2015</subfield>
        </datafield>
        <datafield tag="593" ind1=" " ind2=" ">
            <subfield code="a">Geriatrics and Gerontology</subfield>
            <subfield code="c">2015</subfield>
            <subfield code="d">Q4</subfield>
        </datafield>
        <datafield tag="655" ind1=" " ind2="4">
            <subfield code="a">info:eu-repo/semantics/article</subfield>
            <subfield code="v">info:eu-repo/semantics/publishedVersion</subfield>
        </datafield>
        <datafield tag="700" ind1=" " ind2=" ">
            <subfield code="0">(orcid)0000-0002-2392-2310</subfield>
            <subfield code="a">Comín Comín, M.</subfield>
            <subfield code="u">Universidad de Zaragoza</subfield>
        </datafield>
        <datafield tag="700" ind1=" " ind2=" ">
            <subfield code="a">Montón Blasco, G.</subfield>
        </datafield>
        <datafield tag="700" ind1=" " ind2=" ">
            <subfield code="0">(orcid)0000-0002-9699-5289</subfield>
            <subfield code="a">Martínez Terrer, T.</subfield>
            <subfield code="u">Universidad de Zaragoza</subfield>
        </datafield>
        <datafield tag="700" ind1=" " ind2=" ">
            <subfield code="0">(orcid)0000-0002-5494-6550</subfield>
            <subfield code="a">Magallón Botaya, R.</subfield>
            <subfield code="u">Universidad de Zaragoza</subfield>
        </datafield>
        <datafield tag="710" ind1="2" ind2=" ">
            <subfield code="1">1007</subfield>
            <subfield code="2">610</subfield>
            <subfield code="a">Universidad de Zaragoza</subfield>
            <subfield code="b">Dpto. Medicina, Psiqu. y Derm.</subfield>
            <subfield code="c">Area Medicina</subfield>
        </datafield>
        <datafield tag="710" ind1="2" ind2=" ">
            <subfield code="1">1006</subfield>
            <subfield code="2">413</subfield>
            <subfield code="a">Universidad de Zaragoza</subfield>
            <subfield code="b">Dpto. Fisiatría y Enfermería</subfield>
            <subfield code="c">Área Fisioterapia</subfield>
        </datafield>
        <datafield tag="710" ind1="2" ind2=" ">
            <subfield code="1">1008</subfield>
            <subfield code="2">615</subfield>
            <subfield code="a">Universidad de Zaragoza</subfield>
            <subfield code="b">Dpto. Microb.Med.Pr.,Sal.Públ.</subfield>
            <subfield code="c">Área Medic.Prevent.Salud Públ.</subfield>
        </datafield>
        <datafield tag="773" ind1=" " ind2=" ">
            <subfield code="g">26, 2 (2015), 48-52</subfield>
            <subfield code="p">Gerokomos</subfield>
            <subfield code="t">Gerokomos</subfield>
            <subfield code="x">1134-928X</subfield>
        </datafield>
        <datafield tag="856" ind1="4" ind2="1">
            <subfield code="u">http://scielo.isciii.es/pdf/geroko/v26n2/03_original2.pdf</subfield>
            <subfield code="z">Texto completo de la revista</subfield>
        </datafield>
        <datafield tag="856" ind1="4" ind2=" ">
            <subfield code="s">156942</subfield>
            <subfield code="u">http://zaguan.unizar.es/record/56647/files/texto_completo.pdf</subfield>
            <subfield code="y">Versión publicada</subfield>
        </datafield>
        <datafield tag="856" ind1="4" ind2=" ">
            <subfield code="s">92473</subfield>
            <subfield code="u">http://zaguan.unizar.es/record/56647/files/texto_completo.jpg?subformat=icon</subfield>
            <subfield code="x">icon</subfield>
            <subfield code="y">Versión publicada</subfield>
        </datafield>
        <datafield tag="909" ind1="C" ind2="O">
            <subfield code="o">oai:zaguan.unizar.es:56647</subfield>
            <subfield code="p">articulos</subfield>
            <subfield code="p">driver</subfield>
        </datafield>
        <datafield tag="951" ind1=" " ind2=" ">
            <subfield code="a">2021-01-21-11:17:18</subfield>
        </datafield>
        <datafield tag="980" ind1=" " ind2=" ">
            <subfield code="a">ARTICLE</subfield>
        </datafield>
    </record>

    
</collection>